100店舗以上を展開するフードチェーン店 - Statistics

General Stats
  • This quiz has been taken 440 times
  • The average score is 47 of 192
Answer Stats
ジャンル チェーン店 % Correct
カフェ スターバックス
92%
バーガー マクドナルド
91%
回転寿司 スシロー
89%
ファミレス ガスト
88%
くら寿司
88%
モスバーガー
87%
はま寿司
86%
吉野家
86%
松屋
85%
牛丼/丼もの すき家
84%
うどん 丸亀製麺
81%
ドトール
80%
サイゼリヤ
80%
かっぱ寿司
80%
ラーメン/餃子 餃子の王将
80%
バーガーキング
74%
コメダ珈琲
73%
宅配ピザ ドミノピザ
73%
しゃぶ葉
72%
ピザハット
68%
ピザーラ
67%
弁当/惣菜 ほっともっと
66%
大阪王将
65%
KFC
65%
お好み/たこ焼き 銀だこ
64%
バーミヤン
62%
はなまる
62%
ココス
61%
ロッテリア
61%
焼肉 牛角
61%
タリーズ
59%
居酒屋/バー 鳥貴族
59%
カレー ココイチ
57%
なか卯
54%
大戸屋
52%
食べ放題 焼肉きんぐ
51%
かつや
51%
日高屋
51%
ミスタードーナツ
50%
ジョイフル
47%
ジョナサン
46%
サンマルクカフェ
45%
デニーズ
43%
ほっかほっか亭
43%
ロイヤルホスト
42%
ランチ/定食 やよい軒
42%
サーティワン
42%
富士そば
38%
フレッシュネスバーガー
37%
びっくりドンキー
36%
シャトレーゼ
36%
サブウェイ
35%
天下一品
35%
魚民
34%
夢庵
33%
リンガーハット
33%
不二家
33%
魚べい
30%
幸楽苑
30%
松のや
28%
ジョリーパスタ
27%
山岡家
27%
銀のさら
27%
星乃珈琲店
25%
いきなりステーキ
24%
スガキヤ
24%
しゃぶしゃぶ温野菜
22%
コージーコーナー
20%
一風堂
19%
山田うどん
18%
そば ゆで太郎
18%
安楽亭
18%
からやま
17%
来来亭
17%
串カツ田中
17%
磯丸水産
17%
ベローチェ
16%
五右衛門
16%
和食さと
16%
ペッパーランチ
16%
木曽路
16%
プロント
15%
鎌倉パスタ
15%
天丼てんや
13%
丸源ラーメン
13%
町田商店
13%
ビアードパパ
13%
ゴンチャ
12%
エクセルシオールカフェ
12%
ブロンコビリー
12%
ステーキ宮
12%
やきとり大吉
12%
道とん堀
10%
珈琲館
9%
ヴィドフランス
9%
くるまや
9%
小僧寿し
9%
ビックボーイ
8%
まいどおおきに食堂
8%
養老乃瀧
8%
目利きの銀次
8%
安安
8%
ドンク
8%
マイカリー食堂
7%
サガミ
7%
赤から
7%
リトルマーメイド
7%
本家かまどや
7%
カフェドクリエ
6%
庄や
6%
つぼ八
6%
ゴディバ
6%
らあめん花月嵐
5%
田所商店
5%
ウエスト
5%
おかしのまちおか
5%
ディッパーダン
5%
まるまつ
4%
杵屋
4%
や台ずし
4%
新時代
4%
牛繁
4%
四六時中
3%
すた丼屋
3%
そじ坊
3%
八剣伝
3%
秋吉
3%
崎陽軒
3%
釜寅
3%
もつ次郎
2%
くいもの屋わん
2%
肉汁餃子のダンダダン
2%
丼丸
2%
日本一
2%
京樽
2%
もち吉
2%
モロゾフ
2%
口福堂
2%
イタトマ
1%
ホリーズカフェ
1%
ごはんどき
1%
鰻の成瀬
1%
魅力屋
1%
じゃんぼ總本店
1%
やきとりの扇屋
1%
三代目鳥メロ
1%
乃が美
1%
キッチンオリジン弁当
1%
餃子の雪松
1%
ちよだ鮨
1%
鶏笑
1%
アールエフワン
1%
元祖からあげ本舗
1%
ディッピンドッツ
1%
ヨックモック
1%
ユーハイム
1%
あじまん
1%
果琳
1%
源 吉兆庵
1%
福砂屋
1%
フロプレステージュ
1%
アンリシャルパンティエ
1%
赤福
1%
松幸
0%
めん六や
0%
テング酒場
0%
ベーカリー フジパンストアー
0%
カンテボーレ
0%
サンエトワール
0%
ふくちぁん餃子
0%
さぼてんデリカ
0%
古市庵
0%
米乃家
0%
メリーチョコレート
0%
坂角総本舗
0%
鹿鳴館
0%
ブールミッシュ
0%
文明堂総本店
0%
すし上等!
0%
宅配専門 ニャムニャムchicken
0%
CRISPY CHICKEN
0%
英国風パブHUB
0%
No matching quizzes found
Score Distribution
Percent of People with Each Score
Percentile by Number Answered
Your Score History
You have not taken this quiz